| 000 | 00626nam a22002057a 4500 | ||
|---|---|---|---|
| 003 | OSt | ||
| 005 | 20140310182911.0 | ||
| 008 | 130128t xxu||||| |||| 00| 0 eng d | ||
| 020 | _a9789718141106 | ||
| 050 |
_aPL 6063 _b.Al444 2008 |
||
| 082 |
_aFIL 899.21 _bAl6 2008 |
||
| 245 |
_aIsang sariling panahon = a time of one's own : _bmga tanaga, diyona, dalit, at tatlong talingdaw _cAlma, Rio |
||
| 260 |
_aManila : _bNational Commission for Culture and Arts, _cc2008. |
||
| 300 |
_a168 p. _c18 cm. |
||
| 521 | _acollege students | ||
| 526 | _c1210L-1700L | ||
| 541 | _j1 | ||
| 562 | _e1 | ||
| 942 |
_2lcc _cBK _kFIL |
||
| 999 |
_c17216 _d17216 |
||